[Event "Summer Prague Open A 2020"]
[Site "Prague"]
[Date "2020.08.08"]
[Round "1.11"]
[White "Sorm, Daniel"]
[Black "Babicka, Michal"]
[Result "1-0"]
[WhiteElo "2342"]
[BlackElo "2038"]
[Annotator "ChessBase"]
[PlyCount "79"]
[EventDate "2020.08.08"]
[EventCountry "CZE"]
[SourceTitle "playchess.com"]
[Source "ChessBase"]
[SourceQuality "1"]
[TimeControl "40/5400+30:1800+30"]

1. d4 Nf6 2. c4 g6 3. Nc3 Bg7 4. e4 d6 5. h3 O-O 6. Bg5 c5 7. d5 e6 8. Bd3 exd5 9. exd5 Nbd7 10. f4 Qa5 11. Qd2 a6 12. Nge2 b5 13. cxb5 Nb6 14. bxa6 Bxa6 15. O-O Nfxd5 16. f5 Nxc3 17. bxc3 Bxd3 18. Qxd3 Be5 19. Bf4 Qa6 20. Qf3 Nc4 21. Bh6 Bg7 22. Bxg7 Kxg7 23. f6+ Kh8 24. Qf4 Ne5 25. Ng3 Rg8 26. Ne4 Qc4 27. Nxd6 Qxf4 28. Rxf4 Rgd8 29. Re1 Nf3+ 30. Rxf3 Rxd6 31. Re7 Kg8 32. Rc7 Rd5 33. c4 Re5 34. Ra3 Rf8 35. Ra6 h6 36. a4 g5 37. a5 Rf5 38. Rb6 Rd8 39. a6 Rd1+ 40. Kh2 1-0

[Event "Summer Prague Open A 2020"]
[Site "Prague"]
[Date "2020.08.08"]
[Round "1.12"]
[White "Laurincova, Kristyna"]
[Black "Kulhanek, Tomas"]
[Result "1-0"]
[WhiteElo "2008"]
[BlackElo "2339"]
[Annotator "ChessBase"]
[PlyCount "103"]
[EventDate "2020.08.08"]
[EventCountry "CZE"]
[SourceTitle "playchess.com"]
[Source "ChessBase"]
[SourceQuality "1"]
[TimeControl "40/5400+30:1800+30"]

1. e4 {[%emt 0:00:00]} e6 {[%emt 0:00:00]} 2. d4 {[%emt 0:00:00]} d5 {[%emt 0:00:00]} 3. Nd2 {[%emt 0:00:09]} Nf6 {[%emt 0:00:13]} 4. e5 {[%emt 0:00:05]} Nfd7 {[%emt 0:00:06]} 5. Bd3 {[%emt 0:00:04]} c5 {[%emt 0:00:15]} 6. c3 {[%emt 0:00:06]} Nc6 {[%emt 0:00:15]} 7. Ne2 {[%emt 0:00:23]} cxd4 {[%emt 0:01:01]} 8. cxd4 {[%emt 0:00:11]} f6 {[%emt 0:00:20]} 9. exf6 {[%emt 0:01:24]} Qxf6 {[%emt 0:00:29]} 10. Nf3 {[%emt 0:02:17]} h6 {[%emt 0:00:19]} 11. O-O {[%emt 0:03:25]} Bd6 {[%emt 0:00:15]} 12. Be3 {[%emt 0:06:55]} O-O {[%emt 0:01:06]} 13. Rc1 {[%emt 0:05:10]} Rd8 {[%emt 0:01:01]} 14. Ng3 {[%emt 0:04:44]} Nf8 {[%emt 0:00:39]} 15. Re1 {[%emt 0:02:51]} Bd7 {[%emt 0:00:52]} 16. a3 {[%emt 0:13:30]} Be8 {[%emt 0:00:37]} 17. Qd2 {[%emt 0:01:35]} a6 {[%emt 0:01:45]} 18. h3 {[%emt 0:07:18]} Bg6 {[%emt 0:00:50]} 19. Nh2 {[%emt 0:12:34]} Bxd3 {[%emt 0:04:39]} 20. Qxd3 {[%emt 0:00:09]} Rac8 {[%emt 0:03:04]} 21. Qd2 {[%emt 0:05:42]} Kh8 {[%emt 0:13:29]} 22. Rc3 {[%emt 0:06:24]} Rc7 {[%emt 0:11:34]} 23. Nh5 {[%emt 0:12:40]} Qf7 {[%emt 0:03:27]} 24. Bf4 {[%emt 0:01:03]} Bxf4 {[%emt 0:14:53]} 25. Nxf4 {[%emt 0:01:45]} Qf6 {[%emt 0:10:38]} 26. Ng4 {[%emt 0:01:31]} Qf5 {[%emt 0:02:46]} 27. Ne5 {[%emt 0:04:44]} Rdc8 {[%emt 0:00:44]} 28. Rec1 {[%emt 0:06:43]} Kg8 {[%emt 0:09:16]} 29. Qe3 {[%emt 0:00:19]} Qf6 {[%emt 0:04:00]} 30. b4 {[%emt 0:00:46]} Qe7 {[%emt 0:10:07]} 31. Nxc6 {[%emt 0:00:13]} bxc6 {[%emt 0:00:08]} 32. Qe5 {[%emt 0:00:45]} Qf6 {[%emt 0:01:03]} 33. Qe3 {[%emt 0:00:10]} Qf5 {[%emt 0:02:54]} 34. Re1 {[%emt 0:00:42]} a5 {[%emt 0:00:44]} 35. bxa5 {[%emt 0:00:38]} Ra7 {[%emt 0:01:53]} 36. Nd3 {[%emt 0:00:33]} Rxa5 {[%emt 0:00:42]} 37. Nc5 {[%emt 0:00:06]} Rb5 {[%emt 0:00:25]} 38. a4 {[%emt 0:00:30]} Rb2 {[%emt 0:01:20]} 39. Rb3 {[%emt 0:00:51]} Ra2 {[%emt 0:01:06]} 40. Ra3 {[%emt 0:00:32]} Qc2 {[%emt 0:00:33]} 41. Ra1 {[%emt 0:10:44]} Rxa1+ {[%emt 0:07:54]} 42. Rxa1 {[%emt 0:00:01]} Qb2 {[%emt 0:01:30]} 43. Ra3 {[%emt 0:01:03]} e5 {[%emt 0:01:23]} 44. dxe5 {[%emt 0:00:18]} d4 {[%emt 0:00:10]} 45. Qb3+ {[%emt 0:01:29]} Qxb3 {[%emt 0:01:37]} 46. Rxb3 {[%emt 0:00:01]} Ra8 {[%emt 0:03:30]} 47. Rb6 {[%emt 0:06:54]} Ng6 {[%emt 0:05:41]} 48. e6 {[%emt 0:02:01]} Ne7 {[%emt 0:00:16]} 49. Kf1 {[%emt 0:11:19]} Ra5 {[%emt 0:02:33]} 50. Nd7 {[%emt 0:00:06]} g5 {[%emt 0:02:14]} 51. Rb4 {[%emt 0:00:42]} Rd5 {[%emt 0:02:02]} 52. Nf6+ {[%emt 0:00:20]} 1-0

[Event "Summer Prague Open A 2020"]
[Site "Prague"]
[Date "2020.08.08"]
[Round "1.13"]
[White "Simek, Petr"]
[Black "Golbach, Floris"]
[Result "0-1"]
[WhiteElo "2344"]
[BlackElo "2006"]
[Annotator "ChessBase"]
[PlyCount "50"]
[EventDate "2020.08.08"]
[EventCountry "CZE"]
[SourceTitle "playchess.com"]
[Source "ChessBase"]
[SourceQuality "1"]
[TimeControl "40/5400+30:1800+30"]

1. c4 e5 2. g3 Nc6 3. Bg2 Bc5 4. Nc3 d6 5. e3 a6 6. Nge2 Ba7 7. d4 exd4 8. exd4 Bf5 9. a3 Qd7 10. h3 h5 11. b4 Nge7 12. Be3 Nd8 13. Nf4 h4 14. g4 Bh7 15. O-O c6 16. Nh5 Kf8 17. Qd2 d5 18. Bh6 Ne6 19. Bxg7+ Nxg7 20. Qh6 Bxd4 21. Ne2 Ng8 22. Qg5 Bxa1 23. Rxa1 Nxh5 24. Qxh5 Qe6 25. Nd4 Qf6 0-1

[Event "Summer Prague Open A 2020"]
[Site "Prague"]
[Date "2020.08.08"]
[Round "1.14"]
[White "Ouaki, Mark"]
[Black "Daeschler, Florian"]
[Result "1-0"]
[WhiteElo "2004"]
[BlackElo "2322"]
[Annotator "ChessBase"]
[PlyCount "69"]
[EventDate "2020.08.08"]
[EventCountry "CZE"]
[SourceTitle "playchess.com"]
[Source "ChessBase"]
[SourceQuality "1"]
[TimeControl "40/5400+30:1800+30"]

1. e4 {[%emt 0:00:00]} e5 {[%emt 0:00:00]} 2. Nf3 {[%emt 0:00:00]} Nc6 {[%emt 0:00:00]} 3. Bb5 {[%emt 0:00:00]} a6 {[%emt 0:00:00]} 4. Ba4 {[%emt 0:00:00]} Nf6 {[%emt 0:00:00]} 5. d3 {[%emt 0:00:12]} d6 {[%emt 0:00:00]} 6. c3 {[%emt 0:01:46]} g6 {[%emt 0:00:07]} 7. O-O {[%emt 0:02:55]} Bg7 {[%emt 0:00:16]} 8. Re1 {[%emt 0:03:53]} O-O {[%emt 0:00:18]} 9. d4 {[%emt 0:10:38]} exd4 {[%emt 0:07:29]} 10. Bxc6 {[%emt 0:05:36]} bxc6 {[%emt 0:00:06]} 11. cxd4 {[%emt 0:00:40]} Re8 {[%emt 0:08:19]} 12. Nc3 {[%emt 0:00:33]} Rb8 {[%emt 0:01:58]} 13. h3 {[%emt 0:06:29]} Bb7 {[%emt 0:08:19]} 14. Qc2 {[%emt 0:04:07]} d5 {[%emt 0:08:23]} 15. e5 {[%emt 0:04:19]} Ne4 {[%emt 0:00:05]} 16. Na4 {[%emt 0:13:21]} f6 {[%emt 0:06:24]} 17. Bf4 {[%emt 0:05:26]} fxe5 {[%emt 0:07:46]} 18. Bxe5 {[%emt 0:01:43]} Rf8 {[%emt 0:00:24]} 19. Bxg7 {[%emt 0:06:16]} Kxg7 {[%emt 0:06:37]} 20. Nc5 {[%emt 0:01:14]} Bc8 {[%emt 0:01:14]} 21. Nxe4 {[%emt 0:03:15]} Bf5 {[%emt 0:02:20]} 22. Nc5 {[%emt 0:02:09]} Bxc2 {[%emt 0:00:06]} 23. Ne6+ {[%emt 0:00:03]} Kg8 {[%emt 0:02:59]} 24. Nxd8 {[%emt 0:00:12]} Rfxd8 {[%emt 0:00:08]} 25. b3 {[%emt 0:00:25]} Re8 {[%emt 0:06:40]} 26. Rac1 {[%emt 0:04:15]} Rxe1+ {[%emt 0:01:39]} 27. Rxe1 {[%emt 0:00:14]} Be4 {[%emt 0:02:22]} 28. Ne5 {[%emt 0:02:30]} c5 {[%emt 0:04:21]} 29. dxc5 {[%emt 0:04:07]} Rb5 {[%emt 0:02:02]} 30. f3 {[%emt 0:03:05]} Bc2 {[%emt 0:01:10]} 31. Rc1 {[%emt 0:00:56]} Rxc5 {[%emt 0:00:37]} 32. Nd3 {[%emt 0:00:23]} Rc3 {[%emt 0:02:04]} 33. Ne1 {[%emt 0:00:58]} d4 {[%emt 0:03:17]} 34. Rxc2 {[%emt 0:00:28]} d3 {[%emt 0:00:02]} 35. Rd2 1-0

[Event "Summer Prague Open A 2020"]
[Site "Prague"]
[Date "2020.08.08"]
[Round "1.15"]
[White "Buchenau, Frank"]
[Black "Ret, Adam Josef"]
[Result "1/2-1/2"]
[WhiteElo "2278"]
[BlackElo "2002"]
[Annotator "ChessBase"]
[PlyCount "127"]
[EventDate "2020.08.08"]
[EventCountry "CZE"]
[SourceTitle "playchess.com"]
[Source "ChessBase"]
[SourceQuality "1"]
[TimeControl "40/5400+30:1800+30"]

1. e4 {[%emt 0:00:00]} c5 {[%emt 0:00:00]} 2. Nf3 {[%emt 0:00:00]} d6 {[%emt 0:00:00]} 3. Bb5+ {[%emt 0:00:00]} Bd7 {[%emt 0:00:26]} 4. Bxd7+ {[%emt 0:00:02]} Qxd7 {[%emt 0:00:06]} 5. c4 {[%emt 0:00:09]} Nc6 {[%emt 0:03:17]} 6. d4 {[%emt 0:00:28]} cxd4 {[%emt 0:00:12]} 7. Nxd4 {[%emt 0:00:06]} g6 {[%emt 0:00:46]} 8. Nc3 {[%emt 0:00:30]} Bg7 {[%emt 0:02:52]} 9. Be3 {[%emt 0:02:10]} Nf6 {[%emt 0:01:26]} 10. f3 {[%emt 0:00:17]} Rc8 {[%emt 0:02:51]} 11. b3 {[%emt 0:01:28]} O-O {[%emt 0:03:33]} 12. O-O {[%emt 0:04:17]} Rfd8 {[%emt 0:02:40]} 13. Qd2 {[%emt 0:05:39]} e6 {[%emt 0:04:23]} 14. Rad1 {[%emt 0:04:28]} b6 {[%emt 0:18:03]} 15. Nxc6 {[%emt 0:08:08]} Qxc6 {[%emt 0:02:42]} 16. e5 {[%emt 0:13:01]} Ne8 {[%emt 0:01:52]} 17. Nb5 {[%emt 0:07:38]} Rd7 {[%emt 0:01:38]} 18. exd6 {[%emt 0:11:36]} Rcd8 {[%emt 0:06:53]} 19. Qf2 {[%emt 0:12:09]} Rb8 {[%emt 0:11:27]} 20. Bf4 {[%emt 0:04:47]} e5 {[%emt 0:04:43]} 21. Bg5 {[%emt 0:01:04]} f6 {[%emt 0:02:45]} 22. Be3 {[%emt 0:03:29]} a6 {[%emt 0:09:47]} 23. Nc3 {[%emt 0:03:21]} Nxd6 {[%emt 0:01:31]} 24. Qd2 {[%emt 0:02:32]} Rbd8 {[%emt 0:04:25]} 25. Qd5+ {[%emt 0:02:41]} Qxd5 {[%emt 0:00:04]} 26. Rxd5 {[%emt 0:01:42]} Nc8 27. Rfd1 {[%emt 0:00:17]} Rxd5 {[%emt 0:04:58]} 28. Rxd5 {[%emt 0:00:27]} Rxd5 {[%emt 0:01:05]} 29. Nxd5 {[%emt 0:00:08]} b5 {[%emt 0:00:04]} 30. cxb5 {[%emt 0:01:27]} axb5 {[%emt 0:00:08]} 31. Bc5 {[%emt 0:02:09]} Kf7 {[%emt 0:02:47]} 32. Nc7 {[%emt 0:00:31]} Bf8 {[%emt 0:00:23]} 33. Bxf8 {[%emt 0:00:16]} Kxf8 {[%emt 0:00:03]} 34. Nxb5 {[%emt 0:00:08]} Ke7 {[%emt 0:00:06]} 35. Kf2 {[%emt 0:00:50]} Kd7 {[%emt 0:00:05]} 36. Ke3 {[%emt 0:01:06]} Kc6 {[%emt 0:00:11]} 37. Nc3 {[%emt 0:01:18]} f5 {[%emt 0:00:21]} 38. f4 {[%emt 0:01:28]} e4 {[%emt 0:00:34]} 39. Kd4 {[%emt 0:00:32]} Nd6 {[%emt 0:01:30]} 40. a4 {[%emt 0:00:31]} Nb7 {[%emt 0:00:58]} 41. b4 {[%emt 0:30:27]} Nd8 {[%emt 0:30:55]} 42. Kc4 {[%emt 0:01:34]} Ne6 {[%emt 0:00:42]} 43. Nd5 {[%emt 0:01:23]} Nc7 {[%emt 0:03:21]} 44. b5+ {[%emt 0:00:42]} Kb7 {[%emt 0:01:05]} 45. Nf6 {[%emt 0:01:07]} Kb6 {[%emt 0:00:52]} 46. Kb4 {[%emt 0:00:55]} Kb7 {[%emt 0:00:00]} 47. a5 {[%emt 0:00:00]} h6 {[%emt 0:00:00]} 48. h4 {[%emt 0:00:00]} e3 {[%emt 0:00:00]} 49. Kc3 {[%emt 0:00:00]} Nxb5+ {[%emt 0:00:00]} 50. Kd3 {[%emt 0:00:00]} e2 {[%emt 0:00:00]} 51. Kxe2 {[%emt 0:00:00]} Nd4+ {[%emt 0:00:00]} 52. Ke3 {[%emt 0:00:00]} Nc6 {[%emt 0:00:00]} 53. Nd7 {[%emt 0:00:00]} Kc7 {[%emt 0:00:00]} 54. Ne5 {[%emt 0:00:00]} Nxa5 {[%emt 0:00:00]} 55. Nxg6 {[%emt 0:00:00]} Kd6 {[%emt 0:00:00]} 56. Ne5 {[%emt 0:00:00]} Ke6 {[%emt 0:00:00]} 57. g4 {[%emt 0:00:00]} fxg4 {[%emt 0:01:03]} 58. Nxg4 {[%emt 0:00:00]} h5 {[%emt 0:00:04]} 59. Nh2 {[%emt 0:01:34]} Kf5 {[%emt 0:00:33]} 60. Kf3 {[%emt 0:04:16]} Nc6 {[%emt 0:00:57]} 61. Nf1 {[%emt 0:02:02]} Nd4+ {[%emt 0:00:18]} 62. Ke3 {[%emt 0:00:15]} Nc2+ {[%emt 0:00:12]} 63. Kf3 {[%emt 0:01:19]} Nd4+ {[%emt 0:00:06]} 64. Ke3 1/2-1/2

[Event "Summer Prague Open A 2020"]
[Site "Prague"]
[Date "2020.08.08"]
[Round "1.16"]
[White "Novotny, David"]
[Black "Mica, Marek"]
[Result "0-1"]
[WhiteElo "1945"]
[BlackElo "2306"]
[Annotator "ChessBase"]
[PlyCount "128"]
[EventDate "2020.08.08"]
[EventCountry "CZE"]
[SourceTitle "playchess.com"]
[Source "ChessBase"]
[SourceQuality "1"]
[TimeControl "40/5400+30:1800+30"]

1. d4 {[%emt 0:00:00]} Nf6 {[%emt 0:00:00]} 2. Bf4 {[%emt 0:00:35]} b6 {[%emt 0:00:38]} 3. Nc3 {[%emt 0:02:56]} Bb7 {[%emt 0:00:41]} 4. e3 {[%emt 0:01:42]} d6 {[%emt 0:01:33]} 5. Nf3 {[%emt 0:01:42]} Nbd7 {[%emt 0:00:59]} 6. Bd3 {[%emt 0:08:04]} g6 {[%emt 0:03:39]} 7. h3 {[%emt 0:07:05]} Bg7 {[%emt 0:01:21]} 8. O-O {[%emt 0:03:02]} O-O {[%emt 0:01:21]} 9. e4 {[%emt 0:04:04]} Nh5 {[%emt 0:12:38]} 10. Bh2 {[%emt 0:01:50]} e5 {[%emt 0:01:36]} 11. dxe5 {[%emt 0:03:35]} dxe5 {[%emt 0:01:13]} 12. Bc4 {[%emt 0:04:28]} Qe8 {[%emt 0:12:41]} 13. Qd2 {[%emt 0:22:50]} Nc5 {[%emt 0:09:33]} 14. Qe3 {[%emt 0:02:07]} Rd8 {[%emt 0:03:24]} 15. b4 {[%emt 0:03:51]} Na6 {[%emt 0:04:30]} 16. a3 {[%emt 0:01:01]} Nf4 {[%emt 0:08:54]} 17. Rfd1 {[%emt 0:01:19]} Rxd1+ {[%emt 0:02:28]} 18. Rxd1 {[%emt 0:00:23]} Bh6 {[%emt 0:00:45]} 19. Bxf4 {[%emt 0:02:09]} exf4 {[%emt 0:01:18]} 20. Qd3 {[%emt 0:01:24]} Nb8 {[%emt 0:03:39]} 21. Nd5 {[%emt 0:06:18]} Bg7 {[%emt 0:04:11]} 22. Ng5 {[%emt 0:08:28]} Nc6 {[%emt 0:10:07]} 23. Nf3 {[%emt 0:05:42]} Ne5 {[%emt 0:01:30]} 24. Nxe5 {[%emt 0:00:26]} Qxe5 {[%emt 0:00:10]} 25. Qf3 {[%emt 0:03:40]} g5 {[%emt 0:00:28]} 26. Rd3 {[%emt 0:01:40]} b5 {[%emt 0:03:37]} 27. Bb3 {[%emt 0:00:29]} a5 {[%emt 0:01:03]} 28. Nc3 {[%emt 0:01:34]} axb4 {[%emt 0:00:18]} 29. axb4 {[%emt 0:00:12]} c6 {[%emt 0:00:28]} 30. Qd1 {[%emt 0:00:55]} Bc8 {[%emt 0:00:50]} 31. f3 {[%emt 0:00:26]} Qe7 {[%emt 0:03:32]} 32. Na2 {[%emt 0:00:08]} Be6 {[%emt 0:00:32]} 33. Bxe6 {[%emt 0:01:05]} Qxe6 {[%emt 0:00:29]} 34. Nc1 {[%emt 0:00:19]} Qc4 {[%emt 0:00:39]} 35. Rd6 {[%emt 0:01:25]} Be5 {[%emt 0:01:16]} 36. Rd7 {[%emt 0:00:27]} Qxb4 {[%emt 0:00:34]} 37. Nd3 {[%emt 0:00:17]} Bd4+ {[%emt 0:00:23]} 38. Kh1 {[%emt 0:00:49]} Qc4 {[%emt 0:03:07]} 39. Nxf4 {[%emt 0:00:17]} Be5 {[%emt 0:00:05]} 40. Nd3 {[%emt 0:00:44]} Bg7 {[%emt 0:00:35]} 41. Nf2 {[%emt 0:06:55]} c5 {[%emt 0:01:56]} 42. Rd8 {[%emt 0:04:06]} Bd4 {[%emt 0:01:17]} 43. Rxf8+ {[%emt 0:00:22]} Kxf8 {[%emt 0:00:06]} 44. Ng4 {[%emt 0:05:55]} Qc3 {[%emt 0:02:02]} 45. Nh6 {[%emt 0:03:07]} Ke7 {[%emt 0:09:28]} 46. Nf5+ {[%emt 0:00:32]} Kd7 {[%emt 0:00:59]} 47. Nxd4 {[%emt 0:01:47]} Qxd4 {[%emt 0:00:40]} 48. Qb1 {[%emt 0:06:02]} Kc6 {[%emt 0:05:26]} 49. Qa2 {[%emt 0:00:42]} Qd1+ {[%emt 0:00:53]} 50. Kh2 {[%emt 0:00:08]} Qd6+ {[%emt 0:01:02]} 51. Kg1 {[%emt 0:00:42]} c4 {[%emt 0:02:31]} 52. Qa8+ {[%emt 0:04:48]} Kb6 {[%emt 0:01:06]} 53. c3 {[%emt 0:00:36]} b4 {[%emt 0:02:51]} 54. cxb4 {[%emt 0:00:31]} c3 {[%emt 0:04:35]} 55. Qa5+ {[%emt 0:01:08]} Kb7 {[%emt 0:00:13]} 56. Qa4 {[%emt 0:00:39]} Qd4+ {[%emt 0:01:53]} 57. Kh2 {[%emt 0:00:29]} Qc4 {[%emt 0:01:47]} 58. e5 {[%emt 0:00:31]} c2 {[%emt 0:01:07]} 59. Qd7+ {[%emt 0:00:17]} Kb6 {[%emt 0:00:49]} 60. Qd8+ {[%emt 0:00:34]} Qc7 {[%emt 0:00:28]} 61. Qd4+ {[%emt 0:00:20]} Kb7 {[%emt 0:00:53]} 62. Qd5+ {[%emt 0:00:36]} Kc8 {[%emt 0:00:21]} 63. Qa8+ {[%emt 0:00:39]} Kd7 {[%emt 0:00:06]} 64. Qd5+ {[%emt 0:00:34]} Ke7 {[%emt 0:00:21]} 0-1

[Event "Summer Prague Open A 2020"]
[Site "Prague"]
[Date "2020.08.08"]
[Round "1.17"]
[White "Biastoch, Bennet"]
[Black "Groh, Jiri"]
[Result "1-0"]
[WhiteElo "2315"]
[BlackElo "1997"]
[Annotator "ChessBase"]
[PlyCount "61"]
[EventDate "2020.08.08"]
[EventCountry "CZE"]
[SourceTitle "playchess.com"]
[Source "ChessBase"]
[SourceQuality "1"]
[TimeControl "40/5400+30:1800+30"]

1. e4 {[%emt 0:00:00]} c5 {[%emt 0:00:00]} 2. Nf3 {[%emt 0:00:00]} Nc6 {[%emt 0:00:00]} 3. d4 {[%emt 0:00:00]} cxd4 {[%emt 0:00:00]} 4. Nxd4 {[%emt 0:00:02]} g6 {[%emt 0:00:13]} 5. c4 {[%emt 0:00:35]} Bg7 {[%emt 0:00:11]} 6. Be3 {[%emt 0:00:16]} Nf6 {[%emt 0:00:22]} 7. Nc3 {[%emt 0:00:46]} Ng4 {[%emt 0:01:49]} 8. Qxg4 {[%emt 0:00:46]} Nxd4 {[%emt 0:04:12]} 9. Qd1 {[%emt 0:00:33]} e5 {[%emt 0:00:49]} 10. Bd3 {[%emt 0:01:39]} d6 {[%emt 0:01:24]} 11. O-O {[%emt 0:02:54]} O-O {[%emt 0:00:40]} 12. Qd2 {[%emt 0:01:20]} f5 {[%emt 0:02:23]} 13. exf5 {[%emt 0:04:07]} Bxf5 {[%emt 0:02:10]} 14. Bxf5 {[%emt 0:20:28]} Rxf5 {[%emt 0:03:50]} 15. Bxd4 {[%emt 0:03:49]} exd4 {[%emt 0:00:18]} 16. Nd5 {[%emt 0:00:26]} b5 {[%emt 0:05:55]} 17. b3 {[%emt 0:03:32]} bxc4 {[%emt 0:02:56]} 18. bxc4 {[%emt 0:00:08]} Rb8 {[%emt 0:01:15]} 19. Rae1 {[%emt 0:06:22]} Re5 {[%emt 0:03:45]} 20. f4 {[%emt 0:06:42]} Rxe1 {[%emt 0:11:32]} 21. Rxe1 {[%emt 0:02:58]} Kh8 22. Qd3 {[%emt 0:12:28]} Qa5 {[%emt 0:23:05]} 23. Re2 {[%emt 0:01:13]} Qa4 {[%emt 0:03:42]} 24. h4 {[%emt 0:10:09]} Rc8 {[%emt 0:04:42]} 25. h5 {[%emt 0:04:13]} gxh5 {[%emt 0:11:50]} 26. Re7 {[%emt 0:06:25]} Rf8 {[%emt 0:11:21]} 27. f5 {[%emt 0:06:45]} Re8 {[%emt 0:03:11]} 28. f6 {[%emt 0:02:59]} Rxe7 {[%emt 0:00:15]} 29. fxe7 {[%emt 0:00:05]} Qd7 {[%emt 0:02:07]} 30. Qe4 {[%emt 0:01:57]} Be5 {[%emt 0:00:02]} 31. Qf3 {[%emt 0:00:15]} 1-0

[Event "Summer Prague Open A 2020"]
[Site "Prague"]
[Date "2020.08.08"]
[Round "1.18"]
[White "Kucera, Tomas"]
[Black "Malassagne, Raphael"]
[Result "0-1"]
[WhiteElo "1993"]
[BlackElo "2305"]
[Annotator "ChessBase"]
[PlyCount "84"]
[EventDate "2020.08.08"]
[EventCountry "CZE"]
[SourceTitle "playchess.com"]
[Source "ChessBase"]
[SourceQuality "1"]
[TimeControl "40/5400+30:1800+30"]

1. e4 c6 2. d4 d5 3. exd5 cxd5 4. c4 Nf6 5. Nc3 g6 6. Qb3 Bg7 7. cxd5 O-O 8. Be2 Nbd7 9. Bf3 Nb6 10. Nge2 Bg4 11. Bxg4 Nxg4 12. Bf4 Nf6 13. d6 exd6 14. O-O Re8 15. Rfe1 Ne4 16. a4 Nxc3 17. bxc3 Qc7 18. Rab1 Rab8 19. Ng3 Qc6 20. a5 Rxe1+ 21. Rxe1 Nc4 22. h4 Nxa5 23. Qa3 Nc4 24. Qxa7 Qc8 25. Qa2 Ra8 26. Qe2 d5 27. Bg5 Qc6 28. Nf1 Nd6 29. Ne3 Re8 30. Qf3 Ne4 31. Ng4 Re6 32. Ra1 h5 33. Ra8+ Re8 34. Rxe8+ Qxe8 35. Nf6+ Bxf6 36. Bxf6 Qc6 37. Be5 Qxc3 38. Qf4 Qe1+ 39. Kh2 Qxf2 40. Qh6 Qxh4+ 41. Kg1 Qf2+ 42. Kh2 Nf6 0-1

[Event "Summer Prague Open A 2020"]
[Site "Prague"]
[Date "2020.08.08"]
[Round "1.19"]
[White "Pozdnjakov, Viatcheslav"]
[Black "Brozka, Karel"]
[Result "1/2-1/2"]
[WhiteElo "2300"]
[BlackElo "1991"]
[Annotator "ChessBase"]
[PlyCount "89"]
[EventDate "2020.08.08"]
[EventCountry "CZE"]
[SourceTitle "playchess.com"]
[Source "ChessBase"]
[SourceQuality "1"]
[TimeControl "40/5400+30:1800+30"]

1. d4 Nf6 2. Nf3 g6 3. c4 c5 4. Nc3 cxd4 5. Nxd4 Bg7 6. e4 d6 7. Be2 Nc6 8. Be3 Bd7 9. O-O O-O 10. f3 a5 11. Ndb5 b6 12. Rb1 Na7 13. Nd4 Nc6 14. Qd2 Nxd4 15. Bxd4 Bc6 16. Rbd1 Nd7 17. Bxg7 Kxg7 18. f4 Nc5 19. Qe3 Qc7 20. f5 Nd7 21. Rf3 f6 22. Rh3 g5 23. Qf3 Ne5 24. Qh5 Rh8 25. Qh6+ Kg8 26. Bh5 Be8 27. Nd5 Qc5+ 28. Kh1 Bxh5 29. Rxh5 Ra7 30. Nxe7+ Kf7 31. Rxg5 Kxe7 32. Rg7+ Nf7 33. b3 Qe5 34. Qe3 Rb7 35. h3 Kf8 36. Rg4 Rg8 37. Rh4 h6 38. Rf4 Qc5 39. Qc3 Qe5 40. Qe3 Ke7 41. a4 Qc5 42. Qf3 Rbb8 43. Rd5 Qb4 44. Qe3 Qa3 45. Rf2 1/2-1/2

[Event "Summer Prague Open A 2020"]
[Site "Prague"]
[Date "2020.08.09"]
[Round "2.1"]
[White "Wiley, Tom E"]
[Black "Christiansen, Johan-Sebastian"]
[Result "0-1"]
[WhiteElo "2150"]
[BlackElo "2612"]
[Annotator "TA"]
[PlyCount "110"]
[EventDate "2020.08.08"]
[EventCountry "CZE"]
[SourceTitle "playchess.com"]
[Source "ChessBase"]
[SourceQuality "1"]

{[%evp 10,110,14,18,12,12,4,20,8,3,10,10,-1,16,41,0,0,-14,0,-8,0,0,8,0,0,0,-7,-80,-31,-26,4,0,0,-16,-7,-12,4,8,37,0,38,-3,41,-14,0,-44,-41,-41,-42,-42,-15,-42,-35,-37,-32,-31,-23,-31,-7,-62,-63,-41,-15,-44,-41,-31,-30,-68,-84,-90,-65,-65,-65,-65,-65,-70,-61,-104,-108,-108,-108,-109,-109,-125,-116,-117,-126,-221,-221,-213,-211,-230,-238,-216,-221,-308,-300,-456,-397,-302,-220,-355,-355]} 1. Nf3 d5 2. d4 Nf6 3. c4 e6 4. Nc3 dxc4 5. e3 a6 6. a4 b6 {D24: Queen's Gambit Accepted: 3 Nf3 Nf6 4 Nc3.} 7. Bxc4 Bb7 8. O-O Bb4 {The position is equal.} 9. Qe2 O-O 10. Rd1 Qe7 11. Ne5 {[#]} Bd6 $146 ({Predecessor:} 11... Nbd7 12. Nxd7 Qxd7 13. f3 Nd5 14. Na2 Be7 15. e4 Nb4 16. Nc3 c5 17. Be3 cxd4 18. Bxd4 {½-½ (47) Banikas,H (2568)-Ghaem Maghami,E (2574) Doha 2016}) 12. Bb3 (12. Ng4 $14) 12... c5 $11 13. Nc4 Bc7 14. dxc5 Qxc5 15. e4 b5 16. axb5 axb5 17. Rxa8 Bxa8 18. Nd2 (18. Be3 $11 Qb4 19. Nd2) 18... Bc6 19. Bc2 $1 Qe5 (19... b4 $5 20. Nb3 $8 Qe5 $11) 20. Nf3 Qh5 {Hoping for ...b4.} 21. h3 b4 22. Nb1 b3 23. Bd3 Nbd7 {[%cal Bb8d7,Bd7e5,Be5f3][%mdl 32]} 24. Nc3 Rb8 25. Bd2 Ba8 26. Be1 (26. Nb5 $14 Bb6 27. Nd6) 26... Ne5 27. Bb1 Nxf3+ 28. Qxf3 Qxf3 29. gxf3 Be5 30. Bd3 g5 31. Bc4 Bc6 32. Ra1 Rb4 33. Bf1 {Ra5 is the strong threat.} Rb7 34. Ra3 (34. Ra6 $1 $11 Be8 35. Nd1) 34... Nh5 $15 35. Bc4 Rb4 36. Bf1 Rb8 37. Bc4 Nf4 $36 {[%mdl 2048] Black is pushing.} 38. h4 gxh4 39. Rxb3 Rxb3 40. Bxb3 Nd3 41. Bd2 Nxb2 42. Ne2 Bb5 43. Bc3 Bxe2 44. Bxe5 $17 {[%mdl 4096] Endgame KBB-KBN} Nd3 45. Bf6 Bxf3 46. Bc2 Ne1 47. Bb1 Be2 {And now ...h3 would win.} 48. Bc3 {[#]} (48. Kh2 $17 {keeps fighting.}) 48... Nf3+ $1 $19 49. Kg2 {[#]} e5 $1 50. Bc2 Kg7 51. Ba4 f6 52. Bd7 {If only White now had time for Bg4....} Ng5 53. f4 (53. Ba5 $142) 53... Nxe4 54. Be1 Nc5 55. Bc8 (55. Bf5 $142) 55... Nd3 {Accuracy: White = 59%, Black = 79%.} ({Much less strong is} 55... exf4 56. Bf5 $19) 0-1